Essentials of oral histology and embryology : (Record no. 17166)

MARC details
000 -LEADER
fixed length control field 00943pam a2200289 a 4500
001 - CONTROL NUMBER
control field 013326073
003 - CONTROL NUMBER IDENTIFIER
control field Uk
005 - DATE AND TIME OF LATEST TRANSACTION
control field 20171126130704.0
008 - FIXED-LENGTH DATA ELEMENTS--GENERAL INFORMATION
fixed length control field 051021t2006 moua frb 001 0 eng d
020 ## - INTERNATIONAL STANDARD BOOK NUMBER
International Standard Book Number 0323033393 (pbk.)
020 ## - INTERNATIONAL STANDARD BOOK NUMBER
International Standard Book Number 9780323033398 (pbk.)
020 ## - INTERNATIONAL STANDARD BOOK NUMBER
International Standard Book Number 9788131208564
082 04 - DEWEY DECIMAL CLASSIFICATION NUMBER
Classification number 611.018931
Edition number 22
Item number AVE
100 1# - MAIN ENTRY--PERSONAL NAME
Personal name Avery, James K.
9 (RLIN) 32107
245 10 - TITLE STATEMENT
Title Essentials of oral histology and embryology :
Remainder of title a clinical approach /
Statement of responsibility, etc James K. Avery, Daniel J. Chiego.
250 ## - EDITION STATEMENT
Edition statement 3rd ed.
260 ## - PUBLICATION, DISTRIBUTION, ETC. (IMPRINT)
Place of publication, distribution, etc St. Louis ;
-- London :
Name of publisher, distributor, etc Elsevier Mosby,
Date of publication, distribution, etc c.2006.
300 ## - PHYSICAL DESCRIPTION
Extent ix, 241 p. :
Other physical details ill. ;
Dimensions 28 cm.
504 ## - BIBLIOGRAPHY, ETC. NOTE
Bibliography, etc Includes bibliographical references and index.
650 #7 - SUBJECT ADDED ENTRY--TOPICAL TERM
9 (RLIN) 32108
Topical term or geographic name as entry element Embryology, Human.
Source of heading or term BUEsh
650 #7 - SUBJECT ADDED ENTRY--TOPICAL TERM
9 (RLIN) 30165
Topical term or geographic name as entry element Mouth
General subdivision Histology.
Source of heading or term BUEsh
650 #7 - SUBJECT ADDED ENTRY--TOPICAL TERM
9 (RLIN) 30164
Topical term or geographic name as entry element Teeth
General subdivision Histology.
Source of heading or term BUEsh
651 ## - SUBJECT ADDED ENTRY--GEOGRAPHIC NAME
Source of heading or term BUEsh
653 ## - INDEX TERM--UNCONTROLLED
Resource For college
Arrived date list January2013
-- November2017
700 1# - ADDED ENTRY--PERSONAL NAME
Personal name Chiego, Daniel J.
9 (RLIN) 32109
942 ## - ADDED ENTRY ELEMENTS (KOHA)
Source of classification or shelving scheme Dewey Decimal Classification
Holdings
Withdrawn status Item status Source of classification or shelving scheme Damaged status Not for loan Vendor Home library Current library Shelving location Date acquired Source of acquisition Serial Enumeration / chronology Total Checkouts Total Renewals Full call number Barcode Date last seen Date last borrowed Koha item type
    Dewey Decimal Classification       Central Library Central Library First floor 29/01/2013 Donation 02516 3 25 611.018931 AVE 000027928 15/07/2025 19/10/2020 Book - Borrowing
    Dewey Decimal Classification       Central Library Central Library First floor 26/11/2017 Donation 0000485     611.018931 AVE 000042561 15/07/2025   Book - Borrowing